[Event "ODJM B 2019"]
[Site "Willingen GER"]
[Date "2019.06.09"]
[Round "2"]
[White "Hövert, Kai"]
[Black "Astner, Sebastian"]
[Result "0-1"]
[Termination "normal"]
[Board "2"]
[WhiteElo "1536"]
[BlackElo "1870"]
[WhiteClock "00:04:16"]
[BlackClock "00:52:11"]
[PlyCount "144"]
[WhiteFideId "16266056"]
[BlackFideId "12979422"]
[EventCountry "GER"]
[EventRounds "9"]
[EventType "swiss"]
[EventDate "2019.06.08"]

1. e4 {[%clk 1:30:57]} 1... c6 {[%clk 1:30:55]} 2. Nf3 {[%clk 1:31:20]} 2... d5
{[%clk 1:31:21]} 3. Nc3 {[%clk 1:31:45]} 3... dxe4 {[%clk 1:30:05]} 4. Nxe4 {
[%clk 1:31:51]} 4... Nf6 {[%clk 1:30:28]} 5. Qe2 {[%clk 1:31:58]} 5... e6 {
[%clk 1:29:59]} 6. g3 {[%clk 1:30:41]} 6... Nbd7 {[%clk 1:29:46]} 7. Bg2 {
[%clk 1:29:09]} 7... Nxe4 {[%clk 1:29:48]} 8. Qxe4 {[%clk 1:29:20]} 8... Nf6 {
[%clk 1:30:00]} 9. Qe2 {[%clk 1:29:09]} 9... Bd6 {[%clk 1:29:23]} 10. a3 {
[%clk 1:28:03]} 10... Qc7 {[%clk 1:28:01]} 11. d3 {[%clk 1:27:12]} 11... Bd7 {
[%clk 1:27:18]} 12. Bd2 {[%clk 1:27:00]} 12... O-O {[%clk 1:26:10]} 13. O-O {
[%clk 1:26:31]} 13... Rfe8 {[%clk 1:25:17]} 14. Rfe1 {[%clk 1:18:37]} 14... e5
{[%clk 1:23:43]} 15. Ng5 {[%clk 1:17:37]} 15... Bg4 {[%clk 1:20:46]} 16. f3 {
[%clk 1:16:42]} 16... Bd7 {[%clk 1:21:05]} 17. Kh1 {[%clk 1:15:17]} 17... h6 {
[%clk 1:20:04]} 18. Nh3 {[%clk 1:13:40]} 18... Nd5 {[%clk 1:12:26]} 19. Nf2 {
[%clk 1:13:14]} 19... f5 {[%clk 1:09:27]} 20. Rad1 {[%clk 1:12:10]} 20... Bc5 {
[%clk 1:07:30]} 21. Bc1 {[%clk 1:10:43]} 21... Qb6 {[%clk 0:58:52]} 22. Nh3 {
[%clk 1:06:26]} 22... f4 {[%clk 0:55:43]} 23. c3 {[%clk 0:59:29]} 23... Bxh3 {
[%clk 0:54:14]} 24. Bxh3 {[%clk 0:59:39]} 24... Bf2 {[%clk 0:54:37]} 25. Kg2 {
[%clk 0:56:12]} 25... Bxe1 {[%clk 0:52:33]} 26. Rxe1 {[%clk 0:56:30]} 26...
Ne3+ {[%clk 0:50:59]} 27. Kh1 {[%clk 0:53:36]} 27... Rad8 {[%clk 0:49:58]} 28.
gxf4 {[%clk 0:47:49]} 28... exf4 {[%clk 0:50:15]} 29. Rg1 {[%clk 0:44:55]}
29... g5 {[%clk 0:49:19]} 30. d4 {[%clk 0:44:56]} 30... Qb3 {[%clk 0:48:05]}
31. Qd3 {[%clk 0:44:35]} 31... Qc2 {[%clk 0:47:58]} 32. Qxc2 {[%clk 0:42:34]}
32... Nxc2 {[%clk 0:48:26]} 33. Bf5 {[%clk 0:42:06]} 33... Ne3 {[%clk 0:48:18]}
34. Be4 {[%clk 0:42:21]} 34... Nd5 {[%clk 0:47:46]} 35. h4 {[%clk 0:42:04]}
35... Kf7 {[%clk 0:44:46]} 36. hxg5 {[%clk 0:39:32]} 36... hxg5 {[%clk 0:45:11]
} 37. Rxg5 {[%clk 0:38:40]} 37... Rh8+ {[%clk 0:45:23]} 38. Kg1 {[%clk 0:37:27]
} 38... Rhg8 {[%clk 0:43:54]} 39. Bxd5+ {[%clk 0:36:54]} 39... Rxd5 { [%clk
0:44:12]} 40. Rxg8 {[%clk 0:35:04]} 40... Kxg8 {[%clk 0:44:41]} 41. Kg2 { [%clk
0:31:37]} 41... Rg5+ {[%clk 0:43:25]} 42. Kh2 {[%clk 0:31:52]} 42... Rg3 {[%clk
0:43:25]} 43. Bxf4 {[%clk 0:31:02]} 43... Rxf3 {[%clk 0:43:47]} 44. Bb8 {[%clk
0:29:33]} 44... Rf2+ {[%clk 0:44:05]} 45. Kg1 {[%clk 0:28:54]} 45... Rxb2
{[%clk 0:44:27]} 46. Bxa7 {[%clk 0:29:02]} 46... Rb3 {[%clk 0:44:47]} 47. Bc5
{[%clk 0:27:51]} 47... Rxc3 {[%clk 0:45:12]} 48. Kf2 {[%clk 0:26:48]} 48... Kf7
{[%clk 0:45:35]} 49. Ke2 {[%clk 0:23:33]} 49... Ke6 {[%clk 0:45:58]} 50. Kd2
{[%clk 0:21:22]} 50... Rh3 {[%clk 0:46:26]} 51. Kc2 {[%clk 0:19:40]} 51... Kd5
{[%clk 0:46:44]} 52. Kb2 {[%clk 0:19:14]} 52... Kc4 {[%clk 0:47:07]} 53. Kc2
{[%clk 0:18:08]} 53... Rh2+ {[%clk 0:47:24]} 54. Kd1 {[%clk 0:18:12]} 54... Kc3
{[%clk 0:47:40]} 55. Ke1 {[%clk 0:16:00]} 55... Kd3 {[%clk 0:47:43]} 56. Kf1
{[%clk 0:16:08]} 56... Rb2 {[%clk 0:47:28]} 57. Ke1 {[%clk 0:15:45]} 57... b6
{[%clk 0:47:41]} 58. Bf8 {[%clk 0:15:07]} 58... Rb1+ {[%clk 0:48:02]} 59. Kf2
{[%clk 0:14:49]} 59... Kxd4 {[%clk 0:48:30]} 60. Ke2 {[%clk 0:14:15]} 60... Kc3
{[%clk 0:48:44]} 61. Be7 {[%clk 0:12:44]} 61... Rb3 {[%clk 0:48:50]} 62. Kd1
{[%clk 0:12:15]} 62... c5 {[%clk 0:49:04]} 63. Bf6+ {[%clk 0:11:23]} 63... Kc4
{[%clk 0:49:27]} 64. Kc1 {[%clk 0:11:16]} 64... Rxa3 {[%clk 0:49:48]} 65. Kb2
{[%clk 0:10:14]} 65... Rh3 {[%clk 0:49:58]} 66. Kc1 {[%clk 0:10:08]} 66... Rh2
{[%clk 0:50:21]} 67. Bg7 {[%clk 0:09:24]} 67... b5 {[%clk 0:50:43]} 68. Bf6
{[%clk 0:09:12]} 68... b4 {[%clk 0:51:08]} 69. Bg7 {[%clk 0:08:55]} 69... Kb3 {
[%clk 0:51:24]} 70. Bf8 {[%clk 0:07:40]} 70... c4 {[%clk 0:51:49]} 71. Bg7 {
[%clk 0:04:55]} 71... c3 {[%clk 0:52:11]} 72. Bf6 {[%clk 0:04:16]} 72... Rh1#
0-1

[Event "ODJM B 2019"]
[Site "Willingen GER"]
[Date "2019.06.09"]
[Round "2"]
[White "Matthes, Benjamin"]
[Black "Ebeling, Leander"]
[Result "1/2-1/2"]
[Termination "normal"]
[Board "3"]
[WhiteElo "1737"]
[BlackElo "1694"]
[WhiteClock "00:00:38"]
[BlackClock "00:48:32"]
[PlyCount "157"]
[WhiteFideId "16227298"]
[BlackFideId "16223179"]
[EventCountry "GER"]
[EventRounds "9"]
[EventType "swiss"]
[EventDate "2019.06.08"]

1. e4 {[%clk 1:30:54]} 1... c6 {[%clk 1:30:54]} 2. d4 {[%clk 1:31:20]} 2... d5
{[%clk 1:31:20]} 3. exd5 {[%clk 1:31:46]} 3... cxd5 {[%clk 1:31:46]} 4. c4 {
[%clk 1:32:11]} 4... Nf6 {[%clk 1:32:06]} 5. Nc3 {[%clk 1:32:35]} 5... Nc6 {
[%clk 1:32:32]} 6. Bf4 {[%clk 1:32:32]} 6... e6 {[%clk 1:31:25]} 7. c5 { [%clk
1:31:12]} 7... a6 {[%clk 1:30:45]} 8. Nf3 {[%clk 1:24:22]} 8... Be7 { [%clk
1:29:47]} 9. Bd3 {[%clk 1:12:27]} 9... O-O {[%clk 1:29:10]} 10. a3 { [%clk
1:12:07]} 10... b6 {[%clk 1:27:45]} 11. b4 {[%clk 1:08:21]} 11... bxc5 { [%clk
1:25:56]} 12. bxc5 {[%clk 1:05:14]} 12... Qa5 {[%clk 1:23:04]} 13. Qd2 { [%clk
0:59:06]} 13... Ra7 {[%clk 1:21:18]} 14. O-O {[%clk 0:51:05]} 14... Rb7 { [%clk
1:17:24]} 15. Bc2 {[%clk 0:41:18]} 15... Bd7 {[%clk 1:12:16]} 16. a4 { [%clk
0:31:00]} 16... Nh5 {[%clk 1:07:55]} 17. Be3 {[%clk 0:24:20]} 17... f5 { [%clk
1:06:29]} 18. g3 {[%clk 0:20:54]} 18... Rfb8 {[%clk 1:00:26]} 19. Rfb1 { [%clk
0:16:08]} 19... Nf6 {[%clk 0:56:34]} 20. Rxb7 {[%clk 0:11:59]} 20... Rxb7
{[%clk 0:57:01]} 21. Rb1 {[%clk 0:11:41]} 21... Rxb1+ {[%clk 0:56:45]} 22. Nxb1
{[%clk 0:12:09]} 22... Qxd2 {[%clk 0:56:20]} 23. Nbxd2 {[%clk 0:07:48]} 23...
Ne4 {[%clk 0:53:12]} 24. h4 {[%clk 0:00:52]} 24... Nc3 25. Nb1 {[%clk 0:01:51]}
25... Nxb1 {[%clk 0:46:17]} 26. Bxb1 {[%clk 0:00:44]} 26... Bf6 27. Bc2 { [%clk
0:00:53]} 27... Kf7 {[%clk 0:46:09]} 28. Bb3 {[%clk 0:00:53]} 28... Na5 { [%clk
0:46:09]} 29. Bc2 {[%clk 0:00:53]} 29... Nc4 {[%clk 0:46:25]} 30. Kg2 30... a5
{[%clk 0:45:54]} 31. Bb3 {[%clk 0:00:39]} 31... Nb2 {[%clk 0:45:29]} 32. Bd2
{[%clk 0:00:43]} 32... Bxa4 {[%clk 0:44:17]} 33. Bxa4 {[%clk 0:01:07]} 33...
Nxa4 {[%clk 0:44:46]} 34. Bxa5 {[%clk 0:01:36]} 34... Nb2 {[%clk 0:44:52] } 35.
Bc3 {[%clk 0:00:59]} 35... Na4 {[%clk 0:44:56]} 36. Ba5 {[%clk 0:01:28]} 36...
Ke7 {[%clk 0:44:52]} 37. Bc7 {[%clk 0:01:17]} 37... Nc3 {[%clk 0:44:44]} 38.
Be5 {[%clk 0:00:37]} 38... Bxe5 {[%clk 0:44:01]} 39. Nxe5 {[%clk 0:01:00]}
39... Nb5 {[%clk 0:44:23]} 40. Nf3 {[%clk 0:00:45]} 40... h6 {[%clk 0:43:44]}
41. h5 {[%clk 0:19:50]} 41... Nc3 {[%clk 1:09:57]} 42. Ne5 {[%clk 0:08:11]}
42... Ne4 {[%clk 1:07:59]} 43. f3 {[%clk 0:06:39]} 43... Nc3 {[%clk 1:04:13]}
44. Kf2 {[%clk 0:04:44]} 44... Nb5 {[%clk 1:03:43]} 45. Ke3 {[%clk 0:03:41]}
45... Nc7 {[%clk 1:04:12]} 46. Kd3 {[%clk 0:02:01]} 46... Nb5 {[%clk 1:02:43]}
47. f4 {[%clk 0:02:04]} 47... Kd8 {[%clk 1:00:07]} 48. Nf3 {[%clk 0:02:13]}
48... Nc7 {[%clk 0:59:49]} 49. Kc3 {[%clk 0:01:14]} 49... Ne8 {[%clk 0:56:52]}
50. Kb4 {[%clk 0:01:42]} 50... Kc7 {[%clk 0:56:52]} 51. Nh4 {[%clk 0:00:41]}
51... Nf6 {[%clk 0:54:47]} 52. Ng6 {[%clk 0:00:39]} 52... Nxh5 {[%clk 0:54:51]}
53. Nf8 {[%clk 0:01:03]} 53... Nxg3 {[%clk 0:55:13]} 54. Nxe6+ {[%clk 0:01:28]}
54... Kc6 {[%clk 0:55:41]} 55. Nxg7 {[%clk 0:00:42]} 55... h5 {[%clk 0:55:01]}
56. Ne6 {[%clk 0:00:53]} 56... h4 {[%clk 0:54:55]} 57. Ng5 {[%clk 0:01:19]}
57... Ne2 {[%clk 0:54:40]} 58. Nf3 {[%clk 0:00:52]} 58... h3 {[%clk 0:54:44]}
59. Ne5+ {[%clk 0:00:39]} 59... Kc7 {[%clk 0:54:57]} 60. Nf3 {[%clk 0:00:53]}
60... Ng3 {[%clk 0:52:05]} 61. Kb5 {[%clk 0:00:39]} 61... Ne2 {[%clk 0:51:18]}
62. Kb4 {[%clk 0:00:32]} 62... Ng1 {[%clk 0:50:22]} 63. Nh2 {[%clk 0:00:39]}
63... Ne2 {[%clk 0:48:58]} 64. Kb3 {[%clk 0:00:34]} 64... Nxd4+ {[%clk 0:48:32]
} 65. Kc3 {[%clk 0:00:39]} 65... Ne2+ {[%clk 0:47:33]} 66. Kd3 {[%clk 0:00:58]}
66... Nxf4+ {[%clk 0:47:55]} 67. Kd4 {[%clk 0:01:16]} 67... Kc6 {[%clk 0:47:54]
} 68. Ke5 {[%clk 0:01:11]} 68... Ne2 {[%clk 0:47:26]} 69. Kxf5 {[%clk 0:00:57]}
69... Kxc5 {[%clk 0:47:54]} 70. Kg4 {[%clk 0:01:15]} 70... d4 {[%clk 0:47:51]}
71. Kxh3 {[%clk 0:00:49]} 71... d3 {[%clk 0:48:02]} 72. Nf1 {[%clk 0:01:17]}
72... Kd4 {[%clk 0:47:46]} 73. Kg2 {[%clk 0:01:22]} 73... Kc3 {[%clk 0:48:00]}
74. Kf2 {[%clk 0:00:58]} 74... Kc2 {[%clk 0:48:15]} 75. Ne3+ {[%clk 0:00:32]}
75... Kc1 {[%clk 0:48:37]} 76. Ke1 {[%clk 0:00:33]} 76... Nc3 {[%clk 0:48:27]}
77. Nc4 {[%clk 0:00:45]} 77... Nb5 {[%clk 0:48:17]} 78. Kf2 {[%clk 0:00:42]}
78... Na3 {[%clk 0:48:32]} 79. Ke3 {[%clk 0:00:38]} 1/2-1/2

[Event "ODJM B 2019"]
[Site "Willingen GER"]
[Date "2019.06.09"]
[Round "2"]
[White "Günther, Emil"]
[Black "Lange, Malina"]
[Result "1/2-1/2"]
[Termination "normal"]
[Board "4"]
[WhiteElo "1689"]
[BlackElo "1562"]
[WhiteClock "01:25:28"]
[BlackClock "00:27:34"]
[PlyCount "100"]
[WhiteFideId "16228154"]
[BlackFideId "16228952"]
[EventCountry "GER"]
[EventRounds "9"]
[EventType "swiss"]
[EventDate "2019.06.08"]

1. Nf3 {[%clk 1:30:58]} 1... Nf6 {[%clk 1:30:06]} 2. c4 {[%clk 1:31:13]} 2...
g6 {[%clk 1:30:13]} 3. g3 {[%clk 1:31:06]} 3... b6 {[%clk 1:30:08]} 4. Bg2 {
[%clk 1:31:29]} 4... Bb7 {[%clk 1:30:17]} 5. O-O {[%clk 1:31:49]} 5... Bg7 {
[%clk 1:29:42]} 6. Nc3 {[%clk 1:32:09]} 6... O-O {[%clk 1:28:46]} 7. d4 { [%clk
1:32:16]} 7... e6 {[%clk 1:25:52]} 8. Bg5 {[%clk 1:30:13]} 8... h6 { [%clk
1:20:28]} 9. Bxf6 {[%clk 1:30:24]} 9... Qxf6 {[%clk 1:18:54]} 10. e4 { [%clk
1:30:33]} 10... d6 {[%clk 1:16:32]} 11. Qe2 {[%clk 1:28:03]} 11... Nd7 { [%clk
1:14:06]} 12. Rad1 {[%clk 1:25:17]} 12... c5 {[%clk 1:08:33]} 13. e5 { [%clk
1:18:11]} 13... dxe5 {[%clk 1:06:38]} 14. Nxe5 {[%clk 1:17:39]} 14... Nxe5
{[%clk 1:04:12]} 15. Bxb7 {[%clk 1:14:49]} 15... cxd4 {[%clk 1:01:13]} 16. Bxa8
{[%clk 1:09:29]} 16... dxc3 {[%clk 0:58:24]} 17. Bg2 {[%clk 1:09:41]} 17...
cxb2 {[%clk 0:57:48]} 18. f4 {[%clk 1:09:57]} 18... Nxc4 {[%clk 0:48:41]} 19.
Qxc4 {[%clk 1:09:42]} 19... Qe7 {[%clk 0:43:41]} 20. Qc6 {[%clk 1:07:13]} 20...
Qa3 {[%clk 0:42:23]} 21. Qc4 {[%clk 1:05:44]} 21... Qc5+ {[%clk 0:38:33]} 22.
Qxc5 {[%clk 1:06:04]} 22... bxc5 {[%clk 0:38:46]} 23. Be4 {[%clk 1:03:21]}
23... c4 {[%clk 0:36:47]} 24. Bc2 {[%clk 1:02:14]} 24... c3 {[%clk 0:35:26]}
25. Rd7 {[%clk 1:02:27]} 25... a5 {[%clk 0:34:08]} 26. Rfd1 {[%clk 1:02:41]}
26... Rb8 {[%clk 0:26:59]} 27. Ra7 {[%clk 1:02:30]} 27... Bd4+ {[%clk 0:23:47]}
28. Rxd4 {[%clk 1:00:39]} 28... b1=Q+ {[%clk 0:23:44]} 29. Bxb1 {[%clk 1:00:56]
} 29... Rxb1+ {[%clk 0:24:00]} 30. Kg2 {[%clk 1:00:50]} 30... c2 { [%clk
0:23:57]} 31. Rc4 {[%clk 1:01:05]} 31... c1=Q {[%clk 0:23:43]} 32. Rxc1 { [%clk
1:01:29]} 32... Rxc1 {[%clk 0:24:07]} 33. Rxa5 {[%clk 1:01:43]} 33... Rc2+
{[%clk 0:21:38]} 34. Kh3 {[%clk 1:01:57]} 34... h5 {[%clk 0:20:29]} 35. a4
{[%clk 1:01:49]} 35... Ra2 {[%clk 0:20:15]} 36. Ra7 {[%clk 1:01:41]} 36... Kf8
{[%clk 0:18:44]} 37. a5 {[%clk 1:01:40]} 37... Kg8 {[%clk 0:16:28]} 38. a6 {
[%clk 1:01:38]} 38... Kg7 {[%clk 0:16:00]} 39. Ra8 {[%clk 1:01:31]} 39... Kh7 {
[%clk 0:15:19]} 40. g4 {[%clk 0:59:49]} 40... hxg4+ {[%clk 0:13:03]} 41. Kxg4 {
[%clk 1:00:13]} 41... Kg7 {[%clk 0:11:57]} 42. Kf3 {[%clk 0:59:42]} 42... Kf6 {
[%clk 0:07:26]} 43. Ke3 {[%clk 0:59:30]} 43... Ra4 {[%clk 0:04:39]} 44. a7 {
[%clk 0:59:36]} 44... Kf5 {[%clk 0:02:42]} 45. h3 {[%clk 0:56:02]} 45... Ra3+ {
[%clk 0:01:57]} 46. Kd4 {[%clk 0:55:25]} 46... Kxf4 {[%clk 0:01:34]} 47. Kc5 {
[%clk 0:55:46]} 47... e5 {[%clk 0:00:55]} 48. Kb6 {[%clk 0:56:02]} 48... Rb3+ {
[%clk 0:00:50]} 49. Kc5 {[%clk 0:54:35]} 49... Ra3 {[%clk 0:30:21]} 50. Kb6 {
[%clk 1:25:28]} 50... Rb3+ {[%clk 0:27:34]} 1/2-1/2

[Event "ODJM B 2019"]
[Site "Willingen GER"]
[Date "2019.06.09"]
[Round "2"]
[White "Knerr, Sebastian"]
[Black "Bartelt, Max Peter"]
[Result "1/2-1/2"]
[Termination "normal"]
[Board "5"]
[WhiteElo "1685"]
[BlackElo "1789"]
[WhiteClock "00:54:07"]
[BlackClock "00:27:03"]
[PlyCount "95"]
[WhiteFideId "16266013"]
[BlackFideId "12967289"]
[EventCountry "GER"]
[EventRounds "9"]
[EventType "swiss"]
[EventDate "2019.06.08"]

1. e4 {[%clk 1:30:39]} 1... e6 {[%clk 1:30:59]} 2. d4 {[%clk 1:30:01]} 2... d5
{[%clk 1:31:23]} 3. exd5 {[%clk 1:27:32]} 3... exd5 4. Bd3 {[%clk 1:25:09]}
4... Bd6 {[%clk 1:32:04]} 5. Ne2 {[%clk 1:24:41]} 5... Nc6 {[%clk 1:32:00]} 6.
c3 {[%clk 1:23:44]} 6... Nge7 {[%clk 1:32:23]} 7. Bf4 {[%clk 1:23:41]} 7... Bg4
{[%clk 1:32:30]} 8. Bxd6 {[%clk 1:22:59]} 8... Qxd6 {[%clk 1:32:53]} 9. Qc2 {
[%clk 1:20:46]} 9... O-O-O {[%clk 1:32:46]} 10. Nd2 {[%clk 1:19:42]} 10... Rde8
{[%clk 1:31:42]} 11. O-O {[%clk 1:16:54]} 11... g5 {[%clk 1:30:22]} 12. b4 {
[%clk 1:15:32]} 12... Ng6 {[%clk 1:26:11]} 13. Nb3 {[%clk 1:14:24]} 13... Nh4 {
[%clk 1:22:20]} 14. b5 {[%clk 1:12:36]} 14... Ne7 {[%clk 1:21:58]} 15. c4 {
[%clk 1:11:47]} 15... Nef5 {[%clk 1:16:42]} 16. c5 {[%clk 1:10:38]} 16... Qe6 {
[%clk 1:10:30]} 17. Ng3 {[%clk 1:07:07]} 17... Qf6 {[%clk 1:01:56]} 18. b6 {
[%clk 1:05:26]} 18... axb6 {[%clk 0:57:04]} 19. cxb6 {[%clk 1:05:07]} 19... c6
{[%clk 0:56:57]} 20. h3 {[%clk 1:01:12]} 20... Nf3+ {[%clk 0:49:08]} 21. gxf3 {
[%clk 1:01:15]} 21... Nh4 {[%clk 0:49:12]} 22. Rfc1 {[%clk 0:55:27]} 22...
Nxf3+ {[%clk 0:45:39]} 23. Kh1 {[%clk 0:55:17]} 23... Nh4 {[%clk 0:30:27]} 24.
f4 {[%clk 0:53:00]} 24... Qxf4 {[%clk 0:29:36]} 25. hxg4 {[%clk 0:50:54]} 25...
Qf3+ {[%clk 0:22:21]} 26. Kh2 {[%clk 0:50:12]} 26... Re3 {[%clk 0:22:44]} 27.
Bf5+ {[%clk 0:50:20]} 27... Kd8 {[%clk 0:22:55]} 28. Rg1 {[%clk 0:49:28]} 28...
Rhe8 {[%clk 0:21:51]} 29. Bd3 {[%clk 0:42:47]} 29... Rxd3 {[%clk 0:20:11]} 30.
Raf1 {[%clk 0:42:48]} 30... Rc3 {[%clk 0:17:17]} 31. Qd2 {[%clk 0:41:48]} 31...
Rce3 {[%clk 0:11:26]} 32. Kh3 {[%clk 0:38:53]} 32... Qe4 {[%clk 0:06:54]} 33.
Nc5 {[%clk 0:36:51]} 33... Qg6 {[%clk 0:03:48]} 34. Nxb7+ {[%clk 0:34:49]}
34... Kd7 {[%clk 0:04:09]} 35. Nc5+ {[%clk 0:34:12]} 35... Kd6 {[%clk 0:03:05]}
36. Qb4 {[%clk 0:30:25]} 36... f5 {[%clk 0:01:08]} 37. b7 {[%clk 0:24:21]}
37... fxg4+ {[%clk 0:01:13]} 38. Kh2 {[%clk 0:24:02]} 38... Nf3+ { [%clk
0:01:23]} 39. Kg2 {[%clk 0:23:46]} 39... Qc2+ {[%clk 0:00:37]} 40. Rf2 { [%clk
0:23:27]} 40... Nh4+ {[%clk 0:00:35]} 41. Kh1 {[%clk 0:23:47]} 41... Qxf2
{[%clk 0:29:55]} 42. Nce4+ {[%clk 0:54:03]} 42... Kc7 {[%clk 0:27:38]} 43. Nxf2
{[%clk 0:54:13]} 43... Nf3 {[%clk 0:27:11]} 44. Rb1 {[%clk 0:53:19]} 44... Re1+
{[%clk 0:27:34]} 45. Rxe1 {[%clk 0:53:39]} 45... Rxe1+ {[%clk 0:27:59]} 46.
Qxe1 {[%clk 0:53:51]} 46... Nxe1 {[%clk 0:28:22]} 47. Nxg4 {[%clk 0:54:07]}
47... Nc2 {[%clk 0:27:03]} 48. Nf5 1/2-1/2

[Event "ODJM B 2019"]
[Site "Willingen GER"]
[Date "2019.06.09"]
[Round "2"]
[White "Großmann, Piet"]
[Black "Hoppe, Nico"]
[Result "1/2-1/2"]
[Termination "normal"]
[Board "6"]
[WhiteElo "1801"]
[BlackElo "1692"]
[WhiteClock "00:45:56"]
[BlackClock "00:24:47"]
[PlyCount "111"]
[WhiteFideId "16234359"]
[BlackFideId "16225520"]
[EventCountry "GER"]
[EventRounds "9"]
[EventType "swiss"]
[EventDate "2019.06.08"]

1. e4 {[%clk 1:30:57]} 1... c6 {[%clk 1:30:18]} 2. d4 {[%clk 1:31:21]} 2... d5
{[%clk 1:30:27]} 3. exd5 {[%clk 1:31:38]} 3... cxd5 {[%clk 1:30:29]} 4. Bd3 {
[%clk 1:31:52]} 4... Nc6 {[%clk 1:30:06]} 5. c3 {[%clk 1:32:12]} 5... Qc7 {
[%clk 1:29:46]} 6. Ne2 {[%clk 1:30:43]} 6... e6 {[%clk 1:27:10]} 7. Bf4 { [%clk
1:31:04]} 7... Bd6 {[%clk 1:26:22]} 8. Bxd6 {[%clk 1:31:29]} 8... Qxd6 { [%clk
1:26:49]} 9. O-O {[%clk 1:31:26]} 9... Nf6 {[%clk 1:26:08]} 10. Nd2 { [%clk
1:31:24]} 10... O-O {[%clk 1:25:27]} 11. Nf3 {[%clk 1:31:41]} 11... a6 { [%clk
1:23:35]} 12. Re1 {[%clk 1:31:40]} 12... b5 {[%clk 1:20:24]} 13. a3 { [%clk
1:28:58]} 13... Na5 {[%clk 1:17:29]} 14. Nc1 {[%clk 1:25:54]} 14... Nc4 { [%clk
1:12:29]} 15. Qc2 {[%clk 1:24:47]} 15... h6 {[%clk 1:08:48]} 16. Nb3 { [%clk
1:25:03]} 16... Nd7 {[%clk 1:06:20]} 17. Re2 {[%clk 1:20:14]} 17... Bb7 { [%clk
1:03:19]} 18. Rae1 {[%clk 1:20:32]} 18... a5 {[%clk 0:59:41]} 19. Ne5 { [%clk
1:19:50]} 19... Ndxe5 {[%clk 0:58:31]} 20. dxe5 {[%clk 1:20:07]} 20... Qe7
{[%clk 0:53:52]} 21. Nd4 {[%clk 1:19:01]} 21... b4 {[%clk 0:52:07]} 22. Bxc4
{[%clk 1:17:50]} 22... dxc4 {[%clk 0:52:10]} 23. Nb5 {[%clk 1:17:49]} 23... b3
{[%clk 0:48:41]} 24. Qc1 {[%clk 1:17:36]} 24... Bd5 {[%clk 0:45:27]} 25. Nd6
{[%clk 1:17:21]} 25... Ra7 {[%clk 0:41:06]} 26. Re3 {[%clk 1:11:18]} 26... f5
{[%clk 0:35:49]} 27. f4 {[%clk 1:11:20]} 27... Qh4 {[%clk 0:31:34]} 28. Rh3
{[%clk 1:09:39]} 28... Qe7 {[%clk 0:28:34]} 29. Qd1 {[%clk 1:09:36]} 29... Kh7
{[%clk 0:26:23]} 30. Qh5 {[%clk 1:08:06]} 30... Rd7 {[%clk 0:22:36]} 31. Ree3
{[%clk 1:06:32]} 31... Rxd6 {[%clk 0:20:34]} 32. exd6 {[%clk 1:06:04]} 32...
Qxd6 {[%clk 0:20:03]} 33. Reg3 {[%clk 1:04:47]} 33... Rf6 {[%clk 0:18:08] } 34.
Qg5 {[%clk 0:57:59]} 34... Qf8 {[%clk 0:17:04]} 35. Rh4 {[%clk 0:51:15]} 35...
Be4 {[%clk 0:13:50]} 36. Rhh3 {[%clk 0:41:04]} 36... Bd5 {[%clk 0:13:44]} 37.
Qh5 {[%clk 0:39:50]} 37... Qc5+ {[%clk 0:09:42]} 38. Kf1 {[%clk 0:39:44]} 38...
Be4 {[%clk 0:09:19]} 39. Qd1 {[%clk 0:38:08]} 39... Bd3+ {[%clk 0:08:36]} 40.
Rxd3 {[%clk 0:38:32]} 40... cxd3 {[%clk 0:08:58]} 41. Qxd3 {[%clk 0:38:56]}
41... e5 {[%clk 0:05:19]} 42. fxe5 {[%clk 0:38:21]} 42... Qxe5 {[%clk 0:05:48]}
43. Qd4 {[%clk 0:36:33]} 43... Qxd4 {[%clk 0:03:26]} 44. cxd4 {[%clk 0:36:57]}
44... a4 {[%clk 0:02:55]} 45. d5 {[%clk 0:36:52]} 45... Rd6 {[%clk 0:27:33]}
46. Rd3 {[%clk 1:07:41]} 46... g5 {[%clk 0:27:19]} 47. Rd4 {[%clk 1:07:46]}
47... f4 {[%clk 0:27:04]} 48. Ke2 {[%clk 1:07:06]} 48... Kg6 {[%clk 0:27:05]}
49. h4 {[%clk 1:01:17]} 49... Kf5 {[%clk 0:25:54]} 50. hxg5 {[%clk 1:01:41]}
50... hxg5 {[%clk 0:25:51]} 51. Rxa4 {[%clk 1:00:14]} 51... Rxd5 { [%clk
0:26:10]} 52. Rb4 {[%clk 1:00:32]} 52... Re5+ {[%clk 0:26:18]} 53. Kf2 { [%clk
1:00:35]} 53... Re3 {[%clk 0:26:18]} 54. a4 {[%clk 1:00:52]} 54... Kg4 { [%clk
0:25:06]} 55. a5 {[%clk 1:01:03]} 55... Rd3 {[%clk 0:24:47]} 56. Ke2 { [%clk
0:45:56]} 1/2-1/2

[Event "ODJM B 2019"]
[Site "Willingen GER"]
[Date "2019.06.09"]
[Round "2"]
[White "Thorz, Maximilian"]
[Black "Werner, Tom"]
[Result "1/2-1/2"]
[Termination "normal"]
[Board "7"]
[WhiteElo "1677"]
[BlackElo "1772"]
[WhiteClock "00:27:31"]
[BlackClock "00:34:03"]
[PlyCount "42"]
[WhiteFideId "16220668"]
[BlackFideId "16223756"]
[EventCountry "GER"]
[EventRounds "9"]
[EventType "swiss"]
[EventDate "2019.06.08"]

1. d4 {[%clk 1:30:22]} 1... d5 {[%clk 1:30:48]} 2. c4 {[%clk 1:30:10]} 2... e6
{[%clk 1:31:12]} 3. Nc3 {[%clk 1:29:26]} 3... Nf6 {[%clk 1:31:34]} 4. cxd5 {
[%clk 1:29:02]} 4... exd5 {[%clk 1:31:28]} 5. Bg5 {[%clk 1:28:34]} 5... c6 {
[%clk 1:31:34]} 6. e3 {[%clk 1:28:24]} 6... Bd6 {[%clk 1:28:51]} 7. Bd3 { [%clk
1:25:28]} 7... Be6 {[%clk 1:26:22]} 8. Qc2 {[%clk 1:22:37]} 8... Nbd7 { [%clk
1:24:14]} 9. Nge2 {[%clk 1:21:53]} 9... Qc7 {[%clk 1:23:55]} 10. Bh4 { [%clk
1:08:52]} 10... a6 {[%clk 1:19:25]} 11. Bg3 {[%clk 1:02:08]} 11... O-O 12. Nf4
{[%clk 0:55:11]} 12... c5 {[%clk 1:09:19]} 13. Nfe2 {[%clk 0:51:14]} 13... b5
{[%clk 1:07:23]} 14. O-O {[%clk 0:43:31]} 14... g6 {[%clk 0:59:19]} 15. dxc5
{[%clk 0:38:08]} 15... Bxg3 {[%clk 0:57:24]} 16. hxg3 {[%clk 0:37:38]} 16...
Qxc5 {[%clk 0:56:29]} 17. Nd4 {[%clk 0:35:46]} 17... Ne5 {[%clk 0:54:00]} 18.
Rac1 {[%clk 0:33:06]} 18... Rac8 {[%clk 0:51:57]} 19. Qd2 {[%clk 0:31:58]}
19... Qb6 {[%clk 0:44:12]} 20. Nce2 {[%clk 0:27:53]} 20... Ne4 {[%clk 0:33:46]}
21. Bxe4 {[%clk 0:27:31]} 21... dxe4 {[%clk 0:34:03]} 1/2-1/2